Central Library OPAC University of Rajshahi

The banker's customer / (Record no. 3386)

MARC details
000 -LEADER
fixed length control field 00822cam a22002651a 4500
001 - CONTROL NUMBER
control field 3386
003 - CONTROL NUMBER IDENTIFIER
rucl marc code BD-RjUL
005 - DATE AND TIME OF LATEST TRANSACTION
control field 20211208233725.0
008 - FIXED-LENGTH DATA ELEMENTS--GENERAL INFORMATION
fixed length control field 131219s1938 enk 001 0 eng d
035 ## - SYSTEM CONTROL NUMBER
System control number (BD-RjUL)3420
System control number (OCoLC)30750615
040 ## - CATALOGING SOURCE
Original cataloging agency DLC
Transcribing agency DGU-L
Modifying agency DLC
-- (BD-RjUL)
Language of cataloging eng
041 ## - LANGUAGE CODE
Language code of text/sound track or separate title eng
082 04 - DEWEY DECIMAL CLASSIFICATION NUMBER
Classification number 332.1
Author mark and year MEB
100 1# - MAIN ENTRY--PERSONAL NAME
Personal name Megrah, Maurice,
Dates associated with a name 1896-
9 (RLIN) 10642
245 14 - TITLE STATEMENT
Title The banker's customer /
Statement of responsibility, etc. by Maurice Megrah.
250 ## - EDITION STATEMENT
Edition statement 2nd ed.
260 ## - PUBLICATION, DISTRIBUTION, ETC. (IMPRINT)
Place of publication, distribution, etc. London :
Name of publisher, distributor, etc. Butterworth & Co.,
Date of publication, distribution, etc. 1938.
300 ## - PHYSICAL DESCRIPTION
Pagination xv, 192p. ;[13]
Size 22 cm.
500 ## - GENERAL NOTE
General note Reprinted in part from the Banker's magazine, the Journal of the Institute of bankers and the Banker--C.f. Pref.
General note Includes index.
650 #0 - SUBJECT ADDED ENTRY--TOPICAL TERM
Topical term or geographic name as entry element Banking Low
Geographic subdivision Great Britain.
9 (RLIN) 10643
942 ## - ADDED ENTRY ELEMENTS (KOHA)
Source of classification or shelving scheme Dewey Decimal Classification
Koha item type Books
Holdings
Lost status Source of classification or shelving scheme Damaged status Not for loan Collection code Permanent Location Current Location Shelving location Date acquired Source of acquisition Cost, normal purchase price Total Checkouts Full call number Date last seen Copy number Koha item type
  Dewey Decimal Classification   Not For Loan Non-fiction Central Library, University of Rajshahi Central Library, University of Rajshahi Reading Room 02/11/1956 A.B.C 8.00   332.1 MEB 1938 19/12/2013 C-1 Books
  Dewey Decimal Classification     Non-fiction Central Library, University of Rajshahi Central Library, University of Rajshahi   16/05/1967 University book agency 7.87   332.1 MEB 1938 25/07/2016 C-2 Books